El envejecimiento de la poblacin̤ y la proteccin̤ jurd̕ica de las personas mayores

Detalles Bibliográficos
Autor Corporativo: Fundacin̤ Internacional Olof Palme
Otros Autores: Villagrasa Alcaide, Carlos (coord)
Formato: Desconocido
Lenguaje:español
Publicado: Barcelona : Cedecs, 2003
Acceso en línea:Acceso restringido

MARC

LEADER 00000ny a22000003n 4500
005 20110527144548.0
008 030324s2003 sp 001 0 spa c
017 |a D.L. B.49269-2002 
035 |a 712 
040 |a SpMaUCTR  |d vLex 
040 |a UMA.RE  |d vLex 
080 |a 364.65-053.9 
090 |c 336  |d 336 
245 0 3 |a El envejecimiento de la poblacin̤ y la proteccin̤ jurd̕ica de las personas mayores  |h [Recurso electrn̤ico]  |c coordinacin̤ de la edicin̤ a cargo de Carlos Villagrasa Alcaide ; Seminario organizado por la Fundacin̤ Internacional Olof Palme 
256 |a Servicio en ln̕ea 
260 |a Barcelona :  |b Cedecs,  |c 2003 
300 |a 308 p.;  |c 23 cm 
700 1 |a Villagrasa Alcaide, Carlos,  |e coord 
710 2 |a Fundacin̤ Internacional Olof Palme 
740 0 |a vLex Libros (Servicios en ln̕ea) 
856 4 0 |z Acceso restringido  |u http://vlex.com/source/proteccion-juridica-personas-mayores-712 
942 |c BOOK 
999 0 |a Older people  |b Barcelona